000
00307nam a22001457a 4500
008
210527b ||||| |||| 00| 0 eng d
020
_a
2900820470992
041
_a
eng
080
_a
32
082
_a
32
100
_a
21
101
_a
SHP
245
_a
Here's Looking at You
_c
Giglio,E
942
_2
udc
_c
BK
999
_c
57750
_d
57750